000 00457 a2200133 4500
000 nam a22 7a 4500
100 _aसत्य प्रकाश गुप्ता
110 _aसत्य प्रकाश गुप्ता
245 _aरिश्तो की डोर
250 _aLatest edition
260 _bमोनिका प्रकाशन
_c2021
264 _bमोनिका प्रकाशन
_c2021
942 _cBK
999 _c396543
_d396543